Kichocheo cha fasihi : (Record no. 11137)

000 -LEADER
fixed length control field 00556nam a22001817a 4500
008 - FIXED-LENGTH DATA ELEMENTS--GENERAL INFORMATION
fixed length control field 160510b xxu||||| |||| 00| 0 eng d
020 ## - INTERNATIONAL STANDARD BOOK NUMBER
International Standard Book Number 9966882730
037 ## - SOURCE OF ACQUISITION
Source of stock number/acquisition Mksu
041 ## - LANGUAGE CODE
Language code of accompanying material other than librettos Kiswahili
050 ## - LIBRARY OF CONGRESS CALL NUMBER
Classification number PL 8701
Item number .W34 2003
100 ## - MAIN ENTRY--PERSONAL NAME
Personal name Wamitila, K. W.
Dates associated with a name 2003
245 ## - TITLE STATEMENT
Title Kichocheo cha fasihi :
Remainder of title Simulizi na andishi/
Statement of responsibility, etc. Wamitilia, K.W.
260 ## - PUBLICATION, DISTRIBUTION, ETC. (IMPRINT)
Place of publication, distribution, etc. Focus :
Name of publisher, distributor, etc. Kenya,
Date of publication, distribution, etc. 2003.
300 ## - PHYSICAL DESCRIPTION
Extent x, 264p. :
Other physical details ill. ;
Dimensions 21cm
500 ## - GENERAL NOTE
General note Includes index
650 ## - SUBJECT ADDED ENTRY--TOPICAL TERM
Topical term or geographic name as entry element Fasihi
General subdivision Kiswahili
942 ## - ADDED ENTRY ELEMENTS (KOHA)
Source of classification or shelving scheme
Koha item type Short Loan Books
Classification part PL 8701 .W34 2003
Koha issues (borrowed), all copies 126
Holdings
Withdrawn status Lost status Source of classification or shelving scheme Damaged status Not for loan Home library Current library Shelving location Date acquired Source of acquisition Total Checkouts Total Renewals Full call number Barcode Date last seen Date last checked out Price effective from Koha item type
          MACHAKOS UNIVERSITY LIBRARY MACHAKOS UNIVERSITY LIBRARY Africana 10/05/2016 Purchase 215 2 PL 8701 .W34 2003 20706 05/12/2025 05/12/2025 10/05/2016 Short Loan Books
© Machakos University Library, Along The Highway, Machakos Wote Rd, Machakos, Kenya P.O. Box 136 - 90100 Machakos - Kenya

Tel: ( +254 ) 723 805829 OR Fax : 044-20353 OR Email: library@mksu.ac.ke